Improving interpersonal relations : a guide to social skill development for managers and group leaders /

Bibliographic Details
Other Authors: Cooper, Cary L.
Format: Book
Language:English
Published: Englewood Cliffs, N.J. : Prentice-Hall, [1982]
Subjects:

MARC

Tag First Indicator Second Indicator Subfields
LEADER 00000pam a2200000 a 4500
001 in00000078240
005 20151008060705.0
008 811028s1982 njua b 00100 eng
010 |a  81019269  
020 |a 0134527143 
020 |a 0134527062 (pbk.) 
035 |a (OCoLC)07947487 
035 |9 AAJ6349AM 
039 0 |a 2  |b 3  |c 3  |d 3  |e 3 
040 |a DLC  |c DLC  |d TXA  |d UtOrBLW 
049 |a TXAM  |c [1362168] 
050 0 0 |a HF5549.5.G73  |b I45 1982 
082 0 |a 658.4/071244  |2 19 
245 0 0 |a Improving interpersonal relations :  |b a guide to social skill development for managers and group leaders /  |c Cary L. Cooper. 
264 1 |a Englewood Cliffs, N.J. :  |b Prentice-Hall,  |c [1982] 
264 4 |c ©1982 
300 |a viii, 147 pages :  |b illustrations ;  |c 21 cm. 
336 |a text  |b txt  |2 rdacontent 
337 |a unmediated  |b n  |2 rdamedia 
338 |a volume  |b nc  |2 rdacarrier 
500 |a "A Spectrum book." 
504 |a Includes bibliographies and index. 
650 0 |a Social skills  |x Study and teaching. 
650 0 |a Middle managers  |x Training of. 
650 0 |a Group relations training. 
700 1 |a Cooper, Cary L. 
999 |a MARS 
999 f f |s 78a637f4-c34f-34e8-8914-184a6ea36745  |i 34d1f645-e34d-3ccb-8284-7f6de4103ddd  |t 0 
952 f f |p ric  |a Texas A&M University  |b Rellis Campus  |c Joint Library Facility  |d Remote Storage  |t 0  |e HF5549.5.G73 I45 1982  |h Library of Congress classification  |i unmediated -- volume  |m A14806135541 
998 f f |a HF5549.5.G73 I45 1982  |t 0  |l Remote Storage